LEADER 01522nam0 2200385 450 001 000030385 005 20120315124112.0 010 $a978-88-7959-619-0$dEUR70.00 100 $a20120315d2010----km-y0itaa50------ba 101 1 $aita 102 $aIT 200 1 $aAnatomia umana. Con DVD$fFrederic H. Martini, Michael J. Timmons, Robert B. Tallitsch$gcon William C. Ober ... [et al.]$gedizione italiana a cura di Lucio Cocco... [et al.] 205 $a4. ed 210 $aNapoli$cEdiSES$d2010 215 $aXXVII, 867 p.$cill.$d30 cm.$e1 CD-ROM$etavole di anatomia macroscopica e radiologica con legatura a spirale 300 $aIl CD-ROM contiene materiale didattico interattivo 454 1$12001$aHuman anatomy$914080 606 1 $aAnatomia 676 $a611$v(22. ed.)$9Anatomia, citologia, istologia umana 700 1$aMartini,$bFrederic H.$0291663 701 1$aTimmons,$bMichael J.$0289809 701 1$aTallitsch,$bRobert B.$0286593 702 1$aCocco,$bLucio 702 1$aOber,$bWilliam C. 801 0$aIT$bUniversità della Basilicata - B.I.A.$gRICA$2unimarc 912 $a000030385 996 $aHuman anatomy$914080 997 $aUNIBAS BAS $aFARMACIA CAT $aLCR$b01$c20120125$lBAS01$h0819 CAT $aTTM$b30$c20120313$lBAS01$h1130 CAT $aFCL$b05$c20120315$lBAS01$h1133 CAT $aTTM$b30$c20120315$lBAS01$h1241 FMT Z30 -1$lBAS01$LBAS01$mBOOK$1BASA2$APolo Tecnico-Scientifico$2DID$BDidattica$3PTS.s4.p43.10$6110450$5T110450$820120315$f98$FConsultazione LEADER 01713nam 2200361Ia 450 001 996394493703316 005 20200824132041.0 035 $a(CKB)3810000000007553 035 $a(EEBO)2248573927 035 $a(OCoLC)ocm18958046e 035 $a(OCoLC)18958046 035 $a(EXLCZ)993810000000007553 100 $a19890103d1669 uy | 101 0 $aeng 135 $aurbn||||a|bb| 200 14$aThe English school-master$b[electronic resource] $eteaching all his scholars, of what age soever, the most easie, short, and perfect order of distinct reading, and true writing our English-tongue, that hath ever yet been known or published by any : and further also, teacheth a direct course, how any unskilful person may easily both understand any hard English words, which they shall in the Scriptures, sermons, or else-where hear or read ... /$fdevised for thy sake that wantest any part of this skill, by Edward Coote .. 205 $aPerused and approved by publique authority, and now the 32[nd] timeimprinted$bwith certain copies to write by, at the end of this book added. 210 $aLondon $cPrinted by E. Tyler, for the Company of Stationers$d1669 215 $a[8], 77, [1] p 300 $aReproduction of original in the Peterhouse Library, Cambridge University. 330 $aeebo-0014 606 $aReaders (Primary)$vEarly works to 1800 606 $aEnglish language$yEarly modern, 1500-1700 615 0$aReaders (Primary) 615 0$aEnglish language 700 $aCoote$b Edmund$ffl. 1597.$01012997 801 0$bEAH 801 1$bEAH 801 2$bWaOLN 906 $aBOOK 912 $a996394493703316 996 $aThe English school-master$92354066 997 $aUNISA LEADER 01430nam 2200349 n 450 001 996394558603316 005 20200824120547.0 035 $a(CKB)3810000000009330 035 $a(EEBO)2248493081 035 $a(UnM)99828194e 035 $a(UnM)99828194 035 $a(EXLCZ)993810000000009330 100 $a19950404d1657 uy | 101 0 $aeng 135 $aurbn||||a|bb| 200 00$aPropria quĉ maribus, quĉ genus, and as in prĉsenti, Englished and explained$b[electronic resource] $efor the use of young grammarians. By Charls Hoole, Master of Arts, teacher of a private grammar-school, in Arundel-house (heretofore the Token-house) in Lothbury, not far from the Royal Exchange London 210 $aLondon $cprinted by W.G. for John Saywell, and are to be sold at his shop in Little-Brittain without Aldersgate, at the sign of the Greyhound$d1657 215 $a[2], 128 p 300 $aIncludes indexes. 300 $aReproduction of the original in the Bodleian Library. 330 $aeebo-0014 606 $aLatin language$xGrammar$vEarly works to 1800 615 0$aLatin language$xGrammar 700 $aHoole$b Charles$f1610-1667.$0793350 801 0$bCu-RivES 801 1$bCu-RivES 801 2$bCStRLIN 801 2$bWaOLN 906 $aBOOK 912 $a996394558603316 996 $aPropria quĉ maribus, quĉ genus, and as in prĉsenti, Englished and explained$92391189 997 $aUNISA